Παραγωγικότητα και αντιπαραγωγικότητα

Αποθηκεύτηκε σε:
Λεπτομέρειες βιβλιογραφικής εγγραφής
Κύριος συγγραφέας: Μαλίσσος, Κώστας
Μορφή: Βιβλίο
Γλώσσα:Greek
Δημοσίευση: Αθήνα : Gutenberg, 1984.
Θέματα:
Ετικέτες: Προσθήκη ετικέτας
Δεν υπάρχουν, Καταχωρήστε ετικέτα πρώτοι!

MARC

LEADER 00000cam a2200000 i 4500
001 1/60666
008 960429s1984 gr | ||| |||| ||gre||
035 |l 10028755 
040 |a GR-MyUA  |b gre  |e AACR2 
041 0 |a gre 
082 0 |a 338.09 
082 0 |a 658.314  
100 1 |a Μαλίσσος, Κώστας. 
245 1 0 |a Παραγωγικότητα και αντιπαραγωγικότητα /   |c Κώστας Μαλίσσος.  
260 |a Αθήνα :   |b Gutenberg,   |c 1984.  
300 |a 116 σ. ;   |c 21 εκ.  
650 0 0 |a Industrial productivity. 
650 0 0 |a Labor productivity. 
852 |a INST  |b CHIOS  |e 19960429  |h 338.09 ΜΑΛ  |p 005200005622  |q 005200005622  |t BK  |y 0 
852 |a INST  |b CHIOS  |e 19960429  |h 338.09 ΜΑΛ  |p 005200005623  |q 005200005623  |t BK  |y 0 
852 |a INST  |b SAMOS  |e 20191211  |h 658.314 ΜΑΛ  |p 005300046189  |q 005300046189  |t BK  |y 0 
909 |a Χ  |b 000859 
909 |a Χ  |b 000863